Em qual estado fica? - Statistics

Estatísticas Gerais
  • Esse quiz foi jogado 127 vezes
  • A pontuação média é 9 de 15
Estatísticas das Respostas
Estrutura/Local Estado/Distrito % Correto
Cristo Redentor Rio de Janeiro
100%
MASP São Paulo
92%
Maracanã Rio de Janeiro
91%
Lençóis Maranhenses Maranhão
90%
Palácio do Planalto Distrito Federal
84%
Foz do Iguaçu Paraná
83%
Beto Carrero World Santa Catarina
83%
Elevador Lacerda Bahia
61%
Lagoa da Pampulha Minas Gerais
44%
Pico da neblina Amazonas
37%
Palacio de Cristal Paraná
32%
Capela São Francisco de Assis Minas Gerais
30%
Estátua do Laçador Rio Grande do Sul
25%
Praça dos Girassóis Tocantins
9%
Fortaleza de São José Amapa
2%
Nenhum quiz correspondente encontrado
Distribuição das Pontuações
Porcentagem de Pessoas com Cada Pontuação
Percentil de Números Respondidos
Sua Pontuação Histórica
Você não jogou esse quiz